Modern political constitutions : (Record no. 43307)
[ view plain ]
| 000 -LEADER | |
|---|---|
| fixed length control field | 00865nam a2200265 a 4500 |
| 001 - CONTROL NUMBER | |
| control field | 43307 |
| 003 - CONTROL NUMBER IDENTIFIER | |
| rucl marc code | BD-RjUL |
| 005 - DATE AND TIME OF LATEST TRANSACTION | |
| control field | 20211209053659.0 |
| 008 - FIXED-LENGTH DATA ELEMENTS--GENERAL INFORMATION | |
| fixed length control field | 160621s1966 enk b 001 0 eng |
| 035 ## - SYSTEM CONTROL NUMBER | |
| System control number | (BD-RjUL)43425 |
| 040 ## - CATALOGING SOURCE | |
| Original cataloging agency | DLC |
| Transcribing agency | DLC |
| Modifying agency | BD-RjUL |
| Language of cataloging | eng |
| 041 ## - LANGUAGE CODE | |
| Language code of text/sound track or separate title | eng |
| 082 ## - DEWEY DECIMAL CLASSIFICATION NUMBER | |
| Classification number | 320.3 |
| Author mark and year | STM 1966 |
| 100 1# - MAIN ENTRY--PERSONAL NAME | |
| Personal name | Strong, C. F. |
| Fuller form of name | (Charles Frederick), |
| Dates associated with a name | 1890- |
| 9 (RLIN) | 133013 |
| 245 10 - TITLE STATEMENT | |
| Title | Modern political constitutions : |
| Remainder of title | an introduction to the comparative study of their history and existing form / |
| Statement of responsibility, etc. | by C. F. Strong |
| 250 ## - EDITION STATEMENT | |
| Edition statement | 7th rev. ed. |
| 260 ## - PUBLICATION, DISTRIBUTION, ETC. (IMPRINT) | |
| Place of publication, distribution, etc. | London : |
| Name of publisher, distributor, etc. | Sidgwick and Jackson, |
| Date of publication, distribution, etc. | 1966 |
| 300 ## - PHYSICAL DESCRIPTION | |
| Pagination | x, 389 p. ; |
| Size | 23 cm. |
| 504 ## - BIBLIOGRAPHY, ETC. NOTE | |
| Bibliography, etc | Bibliography: p. [279]-284. and index |
| 650 #0 - SUBJECT ADDED ENTRY--TOPICAL TERM | |
| Topical term or geographic name as entry element | Comparative government. |
| 9 (RLIN) | 133014 |
| Topical term or geographic name as entry element | State, The. |
| 9 (RLIN) | 118101 |
| Topical term or geographic name as entry element | Political science. |
| 9 (RLIN) | 133015 |
| 942 ## - ADDED ENTRY ELEMENTS (KOHA) | |
| Source of classification or shelving scheme | Dewey Decimal Classification |
| Koha item type | Books |
| Lost status | Source of classification or shelving scheme | Damaged status | Not for loan | Collection code | Permanent Location | Current Location | Shelving location | Date acquired | Source of acquisition | Cost, normal purchase price | Total Checkouts | Full call number | Date last seen | Copy number | Koha item type |
|---|---|---|---|---|---|---|---|---|---|---|---|---|---|---|---|
| Dewey Decimal Classification | Non-fiction | Central Library, University of Rajshahi | Central Library, University of Rajshahi | 30/10/1968 | Zeitlinger | 35.00 | 320.3 STM 1966 | 21/06/2016 | C-2 | Books | |||||
| Dewey Decimal Classification | Non-fiction | Central Library, University of Rajshahi | Central Library, University of Rajshahi | 30/10/1968 | Zeitlinger | 35.00 | 320.3 STM 1966 | 21/06/2016 | C-3 | Books | |||||
| Dewey Decimal Classification | Non-fiction | Central Library, University of Rajshahi | Central Library, University of Rajshahi | 30/10/1968 | Zeitlinger | 35.00 | 320.3 STM 1966 | 21/06/2016 | C-4 | Books | |||||
| Dewey Decimal Classification | Non-fiction | Central Library, University of Rajshahi | Central Library, University of Rajshahi | 15/12/1965 | Zeitlinger | 320.3 STM 1966 | 21/06/2016 | C-5 | Books | ||||||
| Dewey Decimal Classification | Non-fiction | Central Library, University of Rajshahi | Central Library, University of Rajshahi | 30/10/1968 | Zeitlinger | 35.00 | 320.3 STM 1966 | 21/06/2016 | C-6 | Books | |||||
| Dewey Decimal Classification | Non-fiction | Central Library, University of Rajshahi | Central Library, University of Rajshahi | 30/10/1968 | Zeitlinger | 35.00 | 320.3 STM 1966 | 21/06/2016 | C-7 | Books | |||||
| Dewey Decimal Classification | Non-fiction | Central Library, University of Rajshahi | Central Library, University of Rajshahi | 30/10/1968 | Zeitlinger | 35.00 | 320.3 STM 1966 | 21/06/2016 | C-8 | Books | |||||
| Dewey Decimal Classification | Not For Loan | Non-fiction | Central Library, University of Rajshahi | Central Library, University of Rajshahi | Reading Room | 30/10/1968 | Zeitlinger | 35.00 | 320.3 STM 1966 | 18/10/2022 | C-1 | Books | |||
| Dewey Decimal Classification | Non-fiction | Central Library, University of Rajshahi | Central Library, University of Rajshahi | General Stacks | 30/10/1968 | Zeitlinger | 35.00 | 320.3 STM 1966 | 18/10/2022 | C-9 | Books | ||||
| Dewey Decimal Classification | Non-fiction | Central Library, University of Rajshahi | Central Library, University of Rajshahi | General Stacks | 30/10/1968 | Zeitlinger | 35.00 | 320.3 STM 1966 | 28/08/2025 | C-10 | Books | ||||
| Dewey Decimal Classification | Non-fiction | Central Library, University of Rajshahi | Central Library, University of Rajshahi | General Stacks | 03/09/2025 | 320.3 STM 1966 | 03/09/2025 | C-11 | Books |